| 000 | 00406nam a2200157 4500 | ||
|---|---|---|---|
| 008 | 190730s2015||||xo d | ||
| 100 | 1 |
_aScott David Meerman _91308 |
|
| 245 | 1 | 0 | _aNové pravidlá predaja a zákazníckeho servisu |
| 250 | _a1.vydanie | ||
| 260 |
_bEastone Books _aBratislava _c2015 |
||
| 300 | _a251 s. | ||
| 020 |
_a9788081092701 _c4 |
||
| 041 | 1 | _aslo | |
| 044 |
_axo _cSK |
||
| 958 | _aA | ||
| 999 |
_c22663 _d22663 |
||